| 000 | 00503nam a22001811a 4500 | ||
|---|---|---|---|
| 001 | 5427 | ||
| 003 | OSt | ||
| 005 | 20260204212014.0 | ||
| 008 | 060119s1990||||cl ||||||b||||||||||spa|| | ||
| 050 | _a306.09 B436h | ||
| 100 | _aBengoa, José | ||
| 245 | _aHistoria social de la agricultura chilena Tomo II: haciendas y campesinos / José Bengoa | ||
| 264 | _aChile: Editora Sur | ||
| 300 | _a237 p | ||
| 490 | _aColeción estudio históricos | ||
| 650 | _a1.Historia Social - ChileÌ | ||
| 942 |
_2ddc _cBK |
||
| 999 |
_c5427 _d5427 |
||